000 00315nam a2200133Ia 4500
005 20260328104307.0
008 260328s9999||||xx |||||||||||||| ||und||
100 _aLizarraga, Salvador
245 0 _aHabitar CU 60 os /
_cSalvador Lizarraga
260 _bUnam
300 _a349 p.
650 _aPLANOS
942 _cBK
999 _c10821
_d10821